Entre los Arcades Romanos 1840-1941 (Record no. 108511)

MARC details
000 -LEADER
campo de control de longitud fija 00657nam a2200181 4500
001 - NÚMERO DE CONTROL
campo de control 108511
003 - IDENTIFICADOR DE NÚMERO DE CONTROL
campo de control ES-MaACL
005 - FECHA Y HORA DE LA ÚLTIMA TRANSACCIÓN
campo de control 20251218063013.0
007 - CAMPO FIJO DE DESCRIPCIÓN FÍSICA--INFORMACIÓN GENERAL
campo de control de longitud fija t|
008 - DATOS DE LONGITUD FIJA--INFORMACIÓN GENERAL
campo de control de longitud fija 061121s1941 mx r ||||1| spa d
100 ## - ENTRADA PRINCIPAL--NOMBRE DE PERSONA
Nombre de persona Montes de Oca y Obregón, Ignacio,
Títulos y otros términos asociados al nombre Obispo de San Luis Potosí
9 (RLIN) 188277
245 10 - MENCIÓN DEL TÍTULO
Título Entre los Arcades Romanos 1840-1941
Resto del título : Sonetos póstumos /
Mención de responsabilidad, etc. Ipandro Acaico [seud.]; prólogo, selección y notas del Pbro. Dr. Pedro Moctezuma.
260 ## - PUBLICACIÓN, DISTRIBUCIÓN, ETC.
Lugar de publicación, distribución, etc. México :
Nombre del editor, distribuidor, etc. Abside,
Fecha de publicación, distribución, etc. 1941.
300 ## - DESCRIPCIÓN FÍSICA
Extensión 124 p., 3 láms. ;
Dimensiones 23 cm.
700 1# - ENTRADA AGREGADA--NOMBRE PERSONAL
Nombre de persona Moctezuma, Pedro.
9 (RLIN) 81745
852 ## - LOCALIZACIÓN
Ubicación ES-MaACL
Número de control de estantería 1883-F-2
Sublocalización o colección R.25803
Holdings
Estatus retirado Estado de pérdida Estado de daño No para préstamo Colección Biblioteca de origen Biblioteca actual Ubicación en estantería Fecha de adquisición Fuente de adquisición Total de préstamos Signatura topográfica completa Código de barras Visto por última vez Precio de reemplazo Tipo de ítem Koha
        Colección de folletos Biblioteca del Ateneo de Madrid Biblioteca del Ateneo de Madrid Depósito folletos 17/01/2008     1883-F-2 1113226 23/02/2023 23/02/2023 Folleto